000 00506nam a2200205Ia 4500
005 20250923150354.0
008 008 250917s9999 xx 000 0 eng d
037 _aTextual
040 _aDSWL
_beng
_cDSWL
041 _aeng
_2eng
084 _qDSWL
100 _aPopple, Keith
_9845240
245 0 _aAnalysing community work
_cby Keith Popple
260 _aJaipur
_bRawat Pub.
_c2017
300 _a181 p.
365 _aINR
_b795
925 _g795
942 _cTEXL
999 _c1462757
_d1462757